Thuật đối nhân xử thế của người xưa

Gespeichert in:
Bibliographische Detailangaben
Format: Buch
Sprache:Undetermined
Veröffentlicht: Đà Nẵng Nhà xuất bản Đà Nẵng 2002
Schlagworte:
Tags: Tag hinzufügen
Keine Tags, Fügen Sie den ersten Tag hinzu!
Thư viện lưu trữ: Trung tâm Học liệu Trường Đại học Cần Thơ
LEADER 00556nam a2200181Ia 4500
001 CTU_95511
008 210402s9999 xx 000 0 und d
020 |c 19000 
082 |a 158.2 
082 |b Th504 
245 0 |a Thuật đối nhân xử thế của người xưa 
245 0 |c Kỳ Anh dịch 
260 |a Đà Nẵng 
260 |b Nhà xuất bản Đà Nẵng 
260 |c 2002 
650 |a Psychology, applied,Interpersonal relations 
904 |i Trúc,Hải 
980 |a Trung tâm Học liệu Trường Đại học Cần Thơ